Julian Nagelsmanm's Hoffenheim - Statistics

General Stats
  • This quiz has been taken 13 times
  • The average score is 25 of 57
Answer Stats
Rank Player Position Nationality Matches Goals Assists % Correct
2 Andrej Kramaric Attacking Midfield 127 58 26
100%
1 Oliver Baumann Goalkeeper 129 0 1
100%
4 Pavel Kaderabek Right-Back 106 8 13
83%
9 Florian Grillitsch Defensive Midfield 65 3 6
67%
18 Joelinton Central Midfield 35 11 9
67%
5 Kerem Demirbay Central Midfield 88 12 27
67%
3 Kevin Vogt Centre-Back 107 0 1
67%
7 Nadiem Amiri Central Midfield 95 12 11
67%
8 Nico Schulz Left-Back 71 4 13
67%
15 Ádám Szalai Centre-Forward 80 19 7
58%
6 Benjamin Hübner Centre-Back 69 7 7
58%
49 Christoph Baumgartner Attacking Midfield 2 0 0
58%
10 Ermin Bicakcic Centre-Back 72 2 5
58%
24 Håvard Nordtveit Defensive Midfield 34 1 1
58%
34 Reiss Nelson Right Winger 29 7 1
58%
13 Sandro Wagner Centre-Forward 50 18 8
58%
16 Sebastian Rudy Defensive Midfield 44 4 11
58%
11 Steven Zuber Attacking Midfield 67 6 7
58%
25 Eugen Polanski Defensive Midfield 39 0 1
50%
22 Ishak Belfodil Centre-Forward 35 17 6
50%
20 Kevin Akpoguma Centre-Back 33 0 1
50%
12 Mark Uth Centre-Forward 74 32 14
50%
14 Niklas Süle Centre-Back 47 2 4
50%
17 Stefan Posch Centre-Back 33 0 0
50%
38 Vincenzo Grifo Left Winger 10 1 3
50%
23 Dennis Geiger Central Midfield 32 2 3
42%
37 Gregor Kobel Goalkeeper 6 0 0
42%
50 Jonathan Schmid Right Midfield 4 0 0
42%
31 Kasim Adams Centre-Back 16 0 1
42%
29 Kevin Volland Centre-Forward 14 3 7
42%
32 Philipp Ochs Left Winger 24 1 3
42%
35 Pirmin Schwegler Defensive Midfield 18 0 1
42%
26 Serge Gnabry Left Winger 26 10 7
42%
36 Eduardo Vargas Centre-Forward 15 1 1
33%
44 Jiloan Hamad Attacking Midfield 4 0 0
33%
53 David Otto Centre-Forward 4 0 0
25%
28 Fabian Schär Centre-Back 18 1 1
25%
46 Jens Grahl Goalkeeper 1 0 0
25%
19 Jeremy Toljan Right-Back 36 1 1
25%
30 Joshua Brenet Right-Back 18 3 1
25%
39 Justin Hoogma Centre-Back 6 0 0
25%
51 Kevin Kuranyi Centre-Forward 2 0 0
25%
27 Leonardo Bittencourt Central Midfield 26 1 4
25%
21 Lukas Rupp Central Midfield 42 5 3
25%
40 Marco Terrazzino Second Striker 10 1 5
25%
54 Meris Skenderovic Centre-Forward 1 0 0
25%
42 Robin Hack Left Winger 6 1 1
25%
55 Russell Canouse Central Midfield 1 0 0
25%
45 Tarik Elyounoussi Centre-Forward 2 0 1
25%
33 Tobias Strobl Defensive Midfield 10 0 1
25%
48 Alexander Rossipal Centre-Back 1 0 0
17%
57 Alfons Amade Defensive Midfield 1 0 0
17%
52 Baris Atik Left Winger 3 0 0
17%
43 Felix Passlack Right-Back 4 0 0
17%
56 Johannes Bühler Defensive Midfield 1 0 0
17%
41 Robert Zulj Attacking Midfield 6 0 0
17%
47 Simon Lorenz Centre-Back 1 0 0
17%
No matching quizzes found
Score Distribution
Percent of People with Each Score
Percentile by Number Answered
Your Score History
You have not taken this quiz